Culture générale - Statistiques

Statistiques générales
  • Ce quiz a été pris 228 fois
    173 depuis la dernière actualisation
  • Le résultat moyen est 10 sur 15
Statistiques - réponses
Questions Indices Réponse % Correct
Qui a écrit LES MISERABLES? Victor Hugo
91%
1+2+3+4 10
90%
Combien de syllabes composent un alexandrin? Pensez "Le Cid" 12
90%
Quelle est la capitale de l'Australie? Canberra
84%
Combien y-a-t-il de signes astrologiques chinois? (en chiffres) 12
83%
Quelle ville est surnommée "Big Apple"? Etats-Unis New York
82%
Venu au monde
81%
Arme d'escrime ce n'est pas l'épée ni le sabre! le fleuret
80%
Quel est le nom officiel d'un terrain de tennis? ressemble au verbe "courir" court
78%
Equivalant du pape au Tibet Dalaï-lama
62%
Quel est le plus long fleuve d'Europe occidentale? le Rhin
56%
Qui a fondé l'Académie Française? Cardinal de Richelieu
36%
Prince légendaire troyen 4 lettres Enée
36%
Lézard des galapagos l'iguane
32%
Qui fut le quarantième président des Etats-Unis Ronald Reagan
29%
Aucun quiz correspondant
Distribution des résultats
% des personnes avec chaque résultat
Percentile par nombre de réponses
Votre historique - résultats
Vous n’avez pas pris ce quiz depuis la dernière actualisation